000 00527pam a2200193 a 4500
020 _a9780781750929
_c8565.40
041 _aeng
_hNULL
082 _a617.581
_bCAL/ROS
100 _aCALLAGHAN, J .
245 _aTHE ADULT HIP VOL- 2 /
_cNULL.
_hTextual Documents
250 _a2 /
_b.
260 _aNULL :
_bLIPPINCOTT WILLIAMS & WILKINS ,
_c2007.
300 _a1569 :
_bXXVIII ;
_cA4 .
365 _a8565.40
700 _aROSENBERT, A .
_aRUBASH, H .
930 _a2690
999 _c797225
_d797225
650 _aORTHO